Cities of Birmingham - Statistics

General Stats
  • This quiz has been taken 298 times
  • The average score is 5 of 10
Answer Stats
Population City Name % Correct
1.14M Birmingham
89%
216K Wolverhampton
74%
126K Solihull
69%
70K Walsall
58%
83K Dudley
54%
108K Sutton Coldfield
53%
77K West Bromwich
51%
64K Stourbridge
27%
59K Halesowen
20%
53K Willenhall
4%
No matching quizzes found
Score Distribution
Percent of People with Each Score
Percentile by Number Answered
Your Score History
You have not taken this quiz